00421nam a22001457a 4500003000500000038001500005082000800020100001500028245010100043260003600144300003300180500001500213650002800228700001900256NUST aMr. Zahoor a510 aAli, Irfan aBifurcation Analysis and Chaos Control in Discrete-Time Non-Linear Dynamical Systems cIrfan Ali aIslamabad :bSNS - NUST,c2018. aviii, 72 p. : ill. ;c30 cm. aHardcover. aMathematics - MS Thesis aDr. Umer Saeed